Statystyki dla Formy 15 czasowników w języku niemieckim (3 formy)

Kliknij tutaj aby rozwiązać quiz!

Ogólne statystyki

  • Ten quiz został rozwiązany 16 razy
  • Średni wynik to 12 z 15

Statystyki odpowiedzi

J PolskiInfinitivPrateritumPerfekt% Poprawnych
PiecBackenBackteGebacken
91%
OferowaćBietenBotGeboten
91%
PrzynosićBringenBrachteGebracht
91%
ZłamaćBrechenBrachGebrochen
91%
MyślećDenkenDachteGedacht
91%
JechaćFahrenFuhrGefahren
91%
DawaćGebenGabGegeben
91%
PozostaćBleibenBliebGeblieben
82%
Mieć pozwolenieDurfenDurfteGedurft
82%
UpadaćFallenFielGefallen
82%
LataćFliegenFlogGeflogen
82%
Znaleźć/SądzićFindenFandGefunden
82%
JeśćEssenABGegessen
73%
ZaczynaćBeginnenBegannBegonnen
55%
ProsićBittenBatGebeten
45%

Rozkład punktacji

Percentyl według liczby udzielonych odpowiedzi

Procent ludzi z każdym wynikiem

Twoja historia wyników

Nie rozwiązałeś tego quizu